00407nam a2200181Ia 4500003000900000008004100009040001300050040001300063041000800076100002400084245004200108250001100150260002800161260000900189300001100198300001000209490000600219IT-RoPAU120407s9999 xx 000 0 und d aIT-RoPAU cIT-RoPAU aita aPier Carlo Landucci aIl mistero dell’anima umana. 3a ed. aAssisi aPro Civitate Christiana c1959 a417 p. c19 cm v1